000 00400cam a2200169ua 4500
001 2516
008 131126n II |||gr||||Z||||||asm
040 _aMAIN
041 _aEnglish
082 _a891.451 SAI
100 _aGOGOI, NANDITA.
245 _aSAHITYAR CHINTA PRABAH
260 _aDIBRUGARH
_bKAUSTABH PRINTERS
_c2006.
300 _a127:
_c22CM.
653 _aASSAMESE LITERATURE
942 _cBK
999 _c2510
_d2510